| 000 | 00378nam a22001457a 4500 | ||
|---|---|---|---|
| 005 | 20250117123150.0 | ||
| 008 | 250117b |||||||| |||| 00| 0 eng d | ||
| 020 | _a9780947342722 | ||
| 050 |
_aREF BS 491.2 FLE _b1 |
||
| 100 | _aFleming, Don | ||
| 245 | _aBridgeway bible commentary | ||
| 260 |
_aAustralia _bBridgeway publications _c2005c |
||
| 300 | _a604p | ||
| 942 |
_2lcc _cBK _n0 |
||
| 999 |
_c2625 _d2625 |
||